000 00391nam a2200157Ia 4500
008 221030s9999 xx 000 0 und d
020 _a0071164944
041 _aEnglish
082 _a105.23
_bLip
100 _aS. Lipschutz
245 0 _aSchaum`s Set Theory & Retaled Topics
_cby S. Lipschutz
260 _bTMH
_aNew Delhi
_c1999
300 _a282
650 _aBE Mathematics
942 _cBK
999 _c7042
_d7042